| 000 | 00465nam a2200193Ia 4500 | ||
|---|---|---|---|
| 003 | OSt | ||
| 005 | 20250602100008.0 | ||
| 008 | 210210b2006 xxu||||| |||| 00| 0 eng d | ||
| 040 | _cAL | ||
| 041 | _aeng | ||
| 082 | _a657.046 RAMA | ||
| 100 |
_aRAMAN (B S) _9212126 |
||
| 245 | _aAccounting IV for IV Semester BBM | ||
| 260 |
_aMangalore _bUnited Publishers _c2006 |
||
| 300 | _a646p. | ||
| 690 |
_aAccountancy _9212127 |
||
| 906 | _a060917 | ||
| 942 |
_2ddc _cBK |
||
| 999 |
_c107751 _d107751 |
||